مکتب و محراب کا مثا لی پا سبان / (Record no. 194223)
[ view plain ]
| 000 -LEADER | |
|---|---|
| fixed length control field | 00782nam a22002057a 4500 |
| 005 - DATE AND TIME OF LATEST TRANSACTION | |
| control field | 20221209165421.0 |
| 010 ## - LCCN (DPL NO) | |
| LC control number | UR-11787 |
| 020 ## - INTERNATIONAL STANDARD BOOK NUMBER | |
| International Standard Book Number | 9789392496196 |
| Terms of availability | 350.00 |
| 035 ## - SYSTEM CONTROL NUMBER | |
| System control number | U-10342 |
| 037 ## - SOURCE OF ACQUISITION | |
| Source of stock number/acquisition | DBAD/PUB |
| Stock number | - |
| 082 ## - DEWEY DECIMAL CLASSIFICATION NUMBER | |
| Classification number | 840.8 |
| 245 ## - TITLE STATEMENT | |
| Title | مکتب و محراب کا مثا لی پا سبان / |
| Statement of responsibility, etc | مرتب - واسع احمد اور مصطفئ علی سروری |
| Medium | ا ر د و |
| 246 ## - VARYING FORM OF TITLE | |
| Title proper/short title | Maktab Wa Mehrab Ka Misali Pasban / |
| Remainder of title | ed. by Wasey Ahmed [and] Mustafa Ali Sarwari |
| 260 ## - PUBLICATION, DISTRIBUTION, ETC. (IMPRINT) | |
| Place of publication, distribution, etc | New Delhi |
| Name of publisher, distributor, etc | Educational Publishing House |
| Date of publication, distribution, etc | 2021 ء |
| 270 ## - ADDRESS | |
| Address | H.o. D1/16, Ansari Road, Darya Ganj |
| City | New Delhi |
| Postal code | 110002 |
| 300 ## - PHYSICAL DESCRIPTION | |
| Extent | 310 ص |
| Dimensions | 23cm(Hb) |
| 700 ## - ADDED ENTRY--PERSONAL NAME | |
| Personal name | واسع احمد |
| 700 ## - ADDED ENTRY--PERSONAL NAME | |
| Personal name | مصطفئ علی سروری |
| 942 ## - ADDED ENTRY ELEMENTS (KOHA) | |
| Source of classification or shelving scheme | Dewey Decimal Classification |
| Item type | Urdu Bks |
| Classification part | 840.8 |
| Call number suffix | م ک ت |
| Withdrawn status | Lost status | Not for loan | Collection code | Home library | Current library | Date acquired | Source of acquisition | Cost, normal purchase price | Full call number | Barcode | Copy number | Cost, replacement price | Koha item type |
|---|---|---|---|---|---|---|---|---|---|---|---|---|---|
| Non-fiction | Central Library | Central Library | 09/12/2022 | DBAD/PUB | 350.00 | 840.8 م ک ت | U-10342 | 1 | 350.00 | Urdu Bks |
